Withdrawal and replacement of the Memorandum of Guidance on Listed Buildings and Conservation Areas (Record no. 109884)
[ view plain ]
| 000 -LEADER | |
|---|---|
| fixed length control field | 01435cad a22002655a 4500 |
| 001 - CONTROL NUMBER | |
| control field | E148111 |
| 008 - FIXED-LENGTH DATA ELEMENTS--GENERAL INFORMATION | |
| fixed length control field | 090730s2009 stk f s000 0 eng d |
| 020 ## - INTERNATIONAL STANDARD BOOK NUMBER | |
| International Standard Book Number | 9780755976003 |
| 022 1# - INTERNATIONAL STANDARD SERIAL NUMBER | |
| International Standard Serial Number | 0141-514X |
| 035 ## - SYSTEM CONTROL NUMBER | |
| System control number | (Sirsi) u148111 |
| 041 0# - LANGUAGE CODE | |
| Language code of text/sound track or separate title | eng |
| 050 04 - LIBRARY OF CONGRESS CALL NUMBER | |
| Classification number | 711.1 $2 18 |
| 110 2# - MAIN ENTRY--CORPORATE NAME | |
| Corporate name or jurisdiction name as entry element | Scotland |
| Subordinate unit | Scottish Government |
| 9 (RLIN) | 5344 |
| 245 00 - TITLE STATEMENT | |
| Title | Withdrawal and replacement of the Memorandum of Guidance on Listed Buildings and Conservation Areas |
| Remainder of title | planning circular 9 2009 |
| Medium | [electronic resource] |
| 260 ## - PUBLICATION, DISTRIBUTION, ETC. | |
| Place of publication, distribution, etc. | Edinburgh |
| Name of publisher, distributor, etc. | Scottish Government |
| Date of publication, distribution, etc. | 2009 |
| 490 #0 - SERIES STATEMENT | |
| Series statement | Planning Circular |
| Volume/sequential designation | (9/2009) |
| 505 2# - FORMATTED CONTENTS NOTE | |
| Formatted contents note | Introduction -- Withdrawal and replacement of the Memorandum -- Effects of this circular |
| 520 ## - SUMMARY, ETC. | |
| Summary, etc. | The Memorandum of Guidance on Listed Buildings and Conservation Areas, published in August 1998 (see E96172), was given effect by Scottish Office Development Department Circular No 13/1998. The Memorandum related to government policy and guidance on conservation and listed buildings. Circular 13/1998 is hereby withdrawn, as the Memorandum's policy and guidance elements have been superseded by other documents. |
| 521 ## - TARGET AUDIENCE NOTE | |
| Target audience note | Advanced |
| 590 ## - LOCAL NOTE (RLIN) | |
| Local note | KA |
| 651 #4 - SUBJECT ADDED ENTRY--GEOGRAPHIC NAME | |
| Geographic name | Scotland |
| Chronological subdivision | 1999- |
| 690 ## - LOCAL SUBJECT ADDED ENTRY--TOPICAL TERM (OCLC, RLIN) | |
| Topical term or geographic name as entry element | BUILT ENVIRONMENT-BUILDING TYPES-ANCIENT MONUMENTS AND HISTORIC BUILDINGS |
| 856 40 - ELECTRONIC LOCATION AND ACCESS | |
| Uniform Resource Identifier | <a href="https://www.scotland.gov.uk/Publications/2009/07/22103736/0">https://www.scotland.gov.uk/Publications/2009/07/22103736/0</a> |
| Public note | View the circular free of charge at www.scotland.gov.uk... |
| 942 ## - ADDED ENTRY ELEMENTS (KOHA) | |
| Suppress in OPAC | 0 |
| Withdrawn status | Lost status | Source of classification or shelving scheme | Damaged status | Not for loan | Home library | Current library | Shelving location | Date acquired | Total Checkouts | Full call number | Barcode | Date last seen | Copy number | Price effective from | Koha item type |
|---|---|---|---|---|---|---|---|---|---|---|---|---|---|---|---|
| Dewey Decimal Classification | Virtual | Virtual | Online | 30/07/2009 | ONLINE PUBLICATION | 148111-2001 | 06/08/2019 | 1 | 06/08/2019 | Book |